| 000 | 02023nam1a2200361 i 4500 | ||
|---|---|---|---|
| 001 | RU\NLR\bibl\1256600 | ||
| 005 | 20260408064038.0 | ||
| 035 | _a(NLR Aleph) 001242629 | ||
| 090 |
_a268608 _c268608 |
||
| 100 | _a20080728g20079999k y0rusy50 ca | ||
| 101 | 0 | _arus | |
| 102 | _aRU | ||
| 105 | _a||||z ||||| | ||
| 200 | 1 |
_aАктуальные проблемы охраны здоровья молодежи в современной технологической среде _eсборник материалов международной научно-практической конференции, г. Брянск, 4-6 октября 2007 _f[редкол.: Г. П. Золотникова - д. м. н., проф. и др.] |
|
| 210 |
_aБрянск _cРИО Брянского государственного университета _d2007 |
||
| 215 | _d21 | ||
| 300 | _aВ надзаг.: Федер. агентство по образованию, ГОУ ВПО "Брян. гос. ун-т им. акад. И. Г. Петровского" | ||
| 463 | 0 | _10011216819 | |
| 463 | 0 | _10011218048 | |
| 606 | 1 |
_aМолодежь _jСъезды, совещания и т.п. _xЗдоровье _yРоссийская Федерация _92440035 _3RU\NLR\auth\661451656 |
|
| 606 | 1 |
_aМолодежь _jСъезды, совещания и т.п. _xЗдоровье _xВлияние экологических факторов _92522675 _3RU\NLR\auth\661494758 |
|
| 686 | _aР11(2)08я431 | ||
| 686 | _aР121.1-6я431(2) | ||
| 686 | _aЧ313.54я431 | ||
| 702 | 1 |
_aЗолотникова _bГ. П. _gГалина Петровна _4340 |
|
| 712 | 0 | 2 |
_4570 _aБрянский государственный университет им. И. Г. Петровского _9577675 _3RU\NLR\AUTH\8810039369 |
| 801 | 0 |
_aRU _bNLR _c20080728 _gRCR |
|
| 801 | 1 |
_aRU _bNLR _c20080728 |
|
| 852 |
_aNLR _j2008-3/11386 |
||
| 942 | _cBOOK | ||